01243 a2200241 45000010006000000050017000060080041000230030015000640400040000790800017001192450058001360200022001942500012002162640048002283000025002765050429003010410008007301000023007387000021007617000030007827000027008128560162008392095520260407155502.0260407a2011 arg spa dAR-UNSa-BCEJYS aAR-UNSa-BCEJYSbspacAR-UNSa-BCEJYS a512xAlgebra10aAlgebra y trigonometría con geometría analítica a978-607-481-612-9 a13a. ed 1aMéxico :bCengage Learning Editoresc2011 axvii, 840 p.c27 cm. a1. Conceptos fundamentales de álgebra - 2. Ecuaciones y desigualdades - 3. Funciones y gráficas - 4. Polinomios y funciones racionales - 5. Funciones inversas, exponenciales y logarítmicas - 6. Las funciones trigonométricas - 7. Trigonometría analítica - 8. Aplicaciones en trigonometría - 9. Sistemas de ecuaciones y desigualdades - 10. Sucesiones, series y probabilidad - 11. Temas de geometría analítica aspa1 aSwokowski, Earl W.1 aCole, Jeffery A.1 aSolorio Gómez, Patricia1 aFilio López, Ernesto41uhttps://biblioeco.unsa.edu.ar/pmb/images/libros/Algebra y trigonometr?a con geometr?a anal?tica Swokowski, Earl W. (2011).jpgyImagen de portadaqimage/jpeg